000 01034nam a2200265 i 4500
001 bg
100 1 _aDUDA, Piotr
245 1 0 _aMonitorowanie cieplno-wytrzymałościowych warunków pracy ciśnieniowych elementów urządzeń energetycznych /
_cPiotr Duda.
260 _aKraków :
_bWydaw. PK,
_c2004.
300 _a154 s. :
_bil. ;
_c24 cm.
490 1 _aMonografia / Politechnika Krakowska im. Tadeusza Kościuszki. Seria Mechanika,
_x0860-097X ;
_v305
500 _aStreszcz. ang., niem.
504 _aBibliogr.
650 9 _aEnergetyka
_xurządzenia
_xbadanie
650 9 _aTermodynamika techniczna
_xurządzenia
_xbadanie
650 9 _aNaprężenia i odkształcenia
_xbadanie
650 9 _aTermosprężystość
_xbadanie
710 0 _aPolitechnika Krakowska im. Tadeusza Kościuszki
830 0 _aMonografia (Politechnika Krakowska im. Tadeusza Kościuszki).
_pSeria Mechanika
040 _cBPK
041 0 _apol
_bengger
080 _a536.7:621.1.01:539.3/.5
942 _cKS
008 s pl f |000 0 pol
999 _c45231
_d45231
856 _uhttp://koha.tu.koszalin.pl/cgi-bin/koha/opac-detail.pl?biblionumber=45231
_yKatalog online BPK